Niñez en riesgo social y políticas públicas en la Argentina : aportes antropológicos al análisis institucional /

Guardado en:
Autor Principal: Noceti, María Belén
Formato: Libro
Idioma:Spanish
Publicado: Bahía Blanca : Ediuns, 2008.
Edición:1a. ed.
Materias:
Etiquetas: Agregar Etiqueta
Sin Etiquetas, Sea el primero en etiquetar este registro!
LEADER 00537nam a22001575a 4500
001 DER.der012430
008 180615s2008####ag#||||||||||||||#||spa||
005 20251226080600.0
245 1 0 |a Niñez en riesgo social y políticas públicas en la Argentina :  |b aportes antropológicos al análisis institucional /  |c María Belén Noceti 
250 |a 1a. ed. 
260 |a Bahía Blanca :  |b Ediuns,  |c 2008. 
300 |a 198 p. 
020 |a 9879872342968 
100 1 |a Noceti, María Belén 
650 7 |a SOCIOLOGIA 
859 |a DERECHO  |b BIB. DERECHO  |h 301  |i NOC  |p 007255